000 00295nam a2200109Ia 4500
008 200302s9999 xx 000 0 und d
100 _aJohn Hancock Callender ed.,
245 _aTime Saver Standard Residential
260 _bMcgraw- hill International Book co.,
260 _c1983
300 _a1264 P.,
999 _c583
_d583